| 000 | 00754nam a22002057a 4500 | ||
|---|---|---|---|
| 999 |
_c15161 _d15161 |
||
| 003 | OSt | ||
| 082 | _2631.75807 HAM/IM | ||
| 088 | _aP 273 | ||
| 100 |
_aHAMEEDA BINDU VAHAB _93499 |
||
| 245 | _aImproved design of a simplified rooftop rainwater filtering system | ||
| 260 |
_aTavanur 2013 _bDepartment of Land and Water Resources & Conservation Engineering |
||
| 300 | _a36 | ||
| 500 | _aImproved design of a simplified rooftop rainwater filtering system | ||
| 520 | _aImproved design of a simplified rooftop rainwater filtering system | ||
| 700 |
_aNimmi Kuruppath _93702 |
||
| 700 |
_aRuth Joseph _93703 |
||
| 700 |
_aDr. Sarthian K. K (Guide) _93704 |
||
| 856 | _uhttps://drive.google.com/open?id=16MCtvdcUxE9lQ43qpQXFiMg_wSwaD3PA | ||
| 942 | _cPR | ||